| 000 | 00952nam a2200265 i 4500 | ||
|---|---|---|---|
| 001 | bg | ||
| 245 | 0 | 0 |
_aDane do kontroli toksyczności spalin : _bsamochody 1989-1995 / _c[red. Ernst Wittner, Christoph Zürni ; tł. z niem. Wiesław Urbański, red. wyd. pol. Barbara Głuch]. |
| 246 |
_iTyt. oryg.: _aAbgaswerte |
||
| 260 |
_aWarszawa : _bWydawnictwa Komunikacji i Łączności, _c1996. |
||
| 300 |
_aCa 160 s., [1]k.złoż.luz. : _brys., wykr. ; _c23 cm. |
||
| 500 | _aOryg. : "Abgaswerte". | ||
| 500 | _aGłównie tabele. - Rez. | ||
| 650 | 9 |
_aSpaliny _xpomiary |
|
| 650 | 9 |
_aSilniki spalinowe _xobsługa i eksploatacja _xhigiena |
|
| 700 | 1 |
_aWITTNER, Ernst. _eRed. |
|
| 700 | 1 |
_aZÜRNI, Christoph. _eRed. |
|
| 700 | 1 |
_aGŁUCH, Barbara. _eRed. |
|
| 020 | _a8320611784 | ||
| 040 | _cBPK | ||
| 041 | 1 |
_apl _bru _hdede |
|
| 080 | _a629.3:621.43](083.5) | ||
| 920 | _a83-206-1178-4 | ||
| 942 | _cKS | ||
| 008 | s pl f |000 0 pol | ||
| 999 |
_c32349 _d32349 |
||
| 856 |
_uhttp://koha.tu.koszalin.pl/cgi-bin/koha/opac-detail.pl?biblionumber=32349 _yKatalog online BPK |
||